Handbook of research on writing. History, society, school, individual, text

Gorde:
Xehetasun bibliografikoak
Egile nagusia: Bazerman, Charles (Egilea)
Formatua: Liburua
Hizkuntza:ingelesa
Argitaratua: Nueva York Lawrence Erlbaum Associates 2008
Gaiak:
Etiketak: Etiketa erantsi
Etiketarik gabe, Izan zaitez lehena erregistro honi etiketa jartzen!

MARC

LEADER 00000nam a2200000 a 4500
001 UCI4102
003 CL-VaPUC
008 071221e20080000US |||||||||||||||||eng|d
020 |a 9780805848700 
082 0 4 |a 302.2244  |b BAZ  |2 21 
100 0 |a Bazerman, Charles  |e author  |9 525777 
245 1 0 |a Handbook of research on writing. History, society, school, individual, text 
300 |a 652 p 
942 |c BK 
945 |d 20071221 00:00:00  |a rbrito 
260 |a Nueva York  |b Lawrence Erlbaum Associates  |c 2008 
650 0 |a Redacción   |9 320524 
650 7 |a ESCRITOS TECNICOS  |2 CL-VaPUC  |9 434103 
650 0 |a Retórica   |9 266620 
650 0 |a Análisis del discurso  |9 256696 
650 0 |a Escritura  |9 264941 
583 |a last modification  |c 20071221 00:00:00  |k Rodrigo Vera 
999 |c 328093  |d 328091 
952 |0 0  |1 0  |4 0  |6 302_224400000000000_BAZ_2008  |7 0  |8 A  |9 411828  |a FDOPOS  |b FDOPOS  |d 2019-11-22  |i 4397436  |o 302.2244 BAZ 2008  |p 4397436  |r 2025-01-22  |w 2019-11-22  |y BK  |k MLA